000
00318nam a2200121Ia 4500
008
190802s9999 xx 000 0 und d
020
_a
978-81-317-0208-6
100
_a
Dezso Sima
245
0
_a
Advanced Computer Architectures a design space approach
260
_a
USA
_b
Pearson
_c
2006
300
_a
790:P
942
_c
BK
999
_c
2249
_d
2249